00403cam a22000977a 4500008004000000082001700040100003900057245014900096260005000245300001000295180718b1944 xxu||||| |||| 00| 0 eng d aXA7x42 Un3/3 aCentral Housing Advisory Committee aRural housing: third report of the rural housing sub- committee of the central housing advisory committeecby Central Housing Advisory Committee aLondonbHis Majesty's Stationery Officec1944 a67+p.